Library Banner

College mathematics (Record no. 78230)

MARC details
000 -LEADER
fixed length control field 00622nam a2200217Ia 4500
001 - CONTROL NUMBER
control field 69217
008 - FIXED-LENGTH DATA ELEMENTS--GENERAL INFORMATION
fixed length control field 151103s9999||||xx |||||||||||||| ||und||
020 ## - INTERNATIONAL STANDARD BOOK NUMBER
International Standard Book Number 9781292025668
040 ## - CATALOGING SOURCE
Transcribing agency PK-LaUMT
082 ## - DEWEY DECIMAL CLASSIFICATION NUMBER
Classification number 510
Item number BAR-C
100 ## - MAIN ENTRY--PERSONAL NAME
Personal name Barnett, Raymond A.
245 ## - TITLE STATEMENT
Title College mathematics
Remainder of title for business, economics, life sciences, and social sciences
Statement of responsibility, etc Barnett, Raymond A.|Ziegler, Michael R.|Byleen, Karl E.
250 ## - EDITION STATEMENT
Edition statement 13th
260 ## - PUBLICATION, DISTRIBUTION, ETC. (IMPRINT)
Place of publication, distribution, etc Boston,USA:
Name of publisher, distributor, etc Pearson,
Date of publication, distribution, etc 2015
300 ## - PHYSICAL DESCRIPTION
Extent 1040 p.
546 ## - LANGUAGE NOTE
Language note EN
650 ## - SUBJECT ADDED ENTRY--TOPICAL TERM
Topical term or geographic name as entry element Mathematics
700 ## - ADDED ENTRY--PERSONAL NAME
Personal name Byleen, Karl E.
700 ## - ADDED ENTRY--PERSONAL NAME
Personal name Ziegler, Michael R.
942 ## - ADDED ENTRY ELEMENTS (KOHA)
Koha item type Books
Holdings
Withdrawn status Lost status Damaged status Not for loan Home library Current library Date acquired Total Checkouts Full call number Barcode Date last seen Price effective from Koha item type
        UMT Main Campus UMT Main Campus 2015-11-02   510 BAR-C 94800 2024-07-11 2015-11-03 Books